[Event "Tabor op"]
[Site "Tabor"]
[Date "2008.08.02"]
[Round "8"]
[White "Cernikova, Alena"]
[Black "Rosenzweig, Vladimir L"]
[Result "0-1"]
[WhiteElo "2028"]
[BlackElo "2121"]
[PlyCount "94"]
[EventDate "2008.07.26"]
[EventType "swiss"]
[EventRounds "9"]
[EventCountry "CZE"]
[SourceTitle "CBM 125 Extra"]
[Source "ChessBase"]
[SourceDate "2008.09.01"]
[SourceVersion "1"]
[SourceVersionDate "2008.09.01"]
[SourceQuality "1"]

1. e4 g6 2. d4 Bg7 3. Nf3 d6 4. Nc3 Nc6 5. h3 Nf6 6. Be2 0-0 7. 0-0 a6 8. a4 e5 9. d5 Nb8 10. Be3 Nbd7 11. b4 a5 12. b5 Ne8 13. Qd2 f5 14. Bh6 f4 15. Bxg7 Nxg7 16. Nh2 Nc5 17. Bg4 Bxg4 18. Nxg4 h5 19. Nh2 b6 20. Qe2 Qd7 21. Nb1 Ne8 22. Nd2 Nf6 23. Nhf3 Nh7 24. Nb3 g5 25. Nxc5 bxc5 26. Nh2 Nf6 27. f3 Rf7 28. Ra3 Rg7 29. Kf2 Qf7 30. c4 Qg6 31. Rg1 g4 32. hxg4 Qg5 33. g3 Rf8 34. gxf4 Qxf4 35. Nf1 Nxg4+ 36. Kg2 Qc1 37. Rb3 Nf6+ 38. Kh2 Rxg1 39. Kxg1 Kh8 40. Kf2 Qf4 41. Ng3 Rg8 42. Nf1 Ng4+ 43. Ke1 Nf6 44. Qe3 Nd7 45. Qxf4 exf4 46. Rb2 Ne5 47. Nd2 Nd3+ 0-1